Development assistance efforts and policies of the members of the Development Assistance Committee

Salvato in:
Dettagli Bibliografici
Ente Autore: Organisation for Economic Co-operation and Development
Natura: Libro
Lingua:Undetermined
Pubblicazione: Paris Organisation for Economic Co-operation and Development 1967
Soggetti:
Tags: Aggiungi Tag
Nessun Tag, puoi essere il primo ad aggiungerne! !
Thư viện lưu trữ: Trung tâm Học liệu Trường Đại học Cần Thơ
LEADER 00705nam a2200193Ia 4500
001 CTU_98778
008 210402s9999 xx 000 0 und d
082 |a 338.9 
082 |b O.68 
110 |a Organisation for Economic Co-operation and Development 
245 0 |a Development assistance efforts and policies of the members of the Development Assistance Committee 
245 0 |c Organisation for Economic Co-operation and Development 
260 |a Paris 
260 |b Organisation for Economic Co-operation and Development 
260 |c 1967 
650 |a Economic assistance 
650 |x Developing countries,Periodicals 
904 |i Giang 
980 |a Trung tâm Học liệu Trường Đại học Cần Thơ